Datum a čas kvízu
33.5
Celkem bodů
Celkový počet nahraných bodů na tomto kvízu bez doplňovacích otázek.
5.
Pořadí na kvízu
Konečné umístění týmu na tomto kvízu.
Zaznamenané odpovědi
| # | Otázka | Odpověď | Body | Výsledky |
|---|---|---|---|---|
| 1. | Moderátor jednoho rádia nabíze... | Michal Kavalčík / Ruda z Ostravy | 1 | |
| 2. | Turistům se minulý týden uzavř... | Uluru (Ayers Rock) | 1 | |
| 3. | Naše nejvýznamnější šansoniérk... | 88. narozeniny | 0 | |
| 4. | Minulý týden jsme se dozvěděli... | Avast | 0 | |
| 5. | Minulý týden bylo oznámeno, že... | Fernando Alonso | 0 | |
| 6. | Druhý díl naší cesty kolem svě... | Srí Lanka (do r. 1972 Cejlon) | 0 | |
| 7. | Pokračujeme dále do jihovýchod... | Malajsie | 0 | |
| 8. | Další dvě otázky budou patřit... | 2. největší | 1 | |
| 9. | V severní Číně a jižním Mongol... | Gobi | 1 | |
| 10. | Dnešní putování zakončíme v Mo... | z kobylího mléka | 0 |